Statistics for Governors of California

Click here to take the quiz!

General Stats

  • This quiz has been taken 8 times
  • The average score is 8 of 40

Answer Stats

HintAnswer% Correct
2003-2011Arnold Schwarzenegger
100%
2019-Gavin Newsom
88%
1975-1983Jerry Brown
88%
2011-2019Jerry Brown
88%
1959-1967Pat Brown
88%
1967-1975Ronald Reagan
88%
1999-2003Gray Davis
75%
1991-1999Pete Wilson
63%
1983-1991George Deukmejian
38%
1943-1953Earl Warren
25%
1911-1917Hiram Johnson
25%
1856-1858J. Neely Johnson
25%
1927-1931C. C. Young
13%
1934-1939Frank Merriam
13%
1953-1959Goodwin Knight
13%
1862-1863Leland Stanford
13%
1939-1943Culbert Olson
0%
1863-1867Frederick Low
0%
1923-1927Friend Richardson
0%
1880-1883George C. Perkins
0%
1903-1907George Pardee
0%
1883-1887George Stoneman
0%
1867-1871Henry Huntly Haight
0%
1891-1895Henry Markham
0%
1899-1903Henry T. Gage
0%
1895-1899James Budd
0%
1907-1911James Gillet
0%
1931-1934James Rolph
0%
1852-1856John Bigler
0%
1858-1860John B. Weller
0%
1860-1862John G. Downey
0%
1851-1852John McDougal
0%
1860Milton Latham
0%
1871-1875Newton Booth
0%
1849-1851Peter Hardeman Burnett
0%
1887-1891Robert Waterman
0%
1875Romualdo Pacheco
0%
1887Washington Bartlett
0%
1875-1880William Irwin
0%
1917-1923William Stephens
0%

Score Distribution

Percentile by Number Answered

Percent of People with Each Score

Your Score History

You have not taken this quiz